000 00604nam a22001937a 4500
003 OSt
005 20251201093319.0
008 251201b |||||||| |||| 00| 0 eng d
020 _a978-971-27-3465-6
040 _aDWCL - Main
_cOC
082 _aFil. 641 A637 2019
110 _aAnvil Publishing, Inc.
245 _aAnvil Food Journal /
_bAnvil Publishing, Inc.
260 _aMandaluyong City, Manila, Philippines;
_bAnvil Publishing, Inc.,
_cc2019.
300 _a257 pages;
_billustrations;
_c23 cm.
650 _a1. Food journal
700 _aApril Frigillana
_eIllustrator
942 _2ddc
_cBK - FIL
_n0
999 _c6626
_d6626